Szczegóły MARC21

Praktyczny podręcznik psychoonkologii dzieci i nastolatków /

003 -Nazwa inst., której nr kontr. jest w polu 001 [,]
    • @
    • Nazwa instytucji, której n kontrolny jest w polu 001
    • NUKAT
005 -DATA I CZAS OSTATNIEJ MODYFIKACJI [,]
    • @
    • pole kontrolne
    • 20241231111825.0
020 -Międzynarod. znormalizowany nr książki - ISBN [ , ]
    • a
    • Numer ISBN
    • 9788374304665 Find
040 -Instytucja sporządzająca opis [ , ]
    • a
    • Instytucja, która sporządziła opis (NP)
    • SZCZ 010/KW
    • c
    • Instytucja, która sporządziła rekord (NP)
    • SZCZ 010/KW
    • d
    • Instytucja, która zmodyfikowała rekord (P)
    • KIEL 010/EPs
    • d
    • Instytucja, która zmodyfikowała rekord (P)
    • GD 27/AZs
942 -Rodzaj dokumentu [ , ]
    • c
    • Rodzaj dokumentu
    • Książka
245 -Strefa tytułu i oznaczenia odpowiedzialności [0,0]
    • a
    • Tytuł
    • Praktyczny podręcznik psychoonkologii dzieci i nastolatków / Find
    • c
    • Pozostałe elementy strefy tytułu i oznaczenia odpowiedzialności (NP)
    • pod redakcją Marii Rogiewicz.
260 -Strefa adresu wydawniczego [ , ]
    • a
    • Miejsce wydania (P)
    • Kraków :
    • b
    • Nazwa wydawcy (P)
    • Medycyna Praktyczna,
    • c
    • Data wydania (P)
    • cop. 2015.
300 -Strefa opisu fizycznego [ , ]
    • a
    • Określenie formy książki i/lub objętość (NP)
    • 472 s. :
    • b
    • Oznaczenie ilustracji (NP)
    • il. kolor. ;
    • c
    • Format (NP)
    • 25 cm.
336 -Typ zawartości [ , ]
    • a
    • Termin opisujący typ zawartości
    • Tekst
    • b
    • Kod określający zawartość
    • txt
    • 2
    • Źródło (terminu i kodu)
    • rdacontent
337 -Typ mediów [ , ]
    • a
    • Tryb odtwarzania
    • Bez urządzenia pośredniczącego
    • b
    • Kod typu mediów
    • n
    • 2
    • Źródło (terminu i kodu)
    • rdamedia
338 -Typ/rodzaj nośnika [ , ]
    • a
    • Hasło opisujące typ nośnika
    • Wolumin
    • b
    • Kod typu nośnika
    • nc
    • 2
    • Źródło (terminu i kodu)
    • rdacarrier
504 -Uwaga dot. bibliogr. załącznikowej [ , ]
    • a
    • Uwaga dot. bibliografii załącznikowej
    • Bibliogr. przy rozdz.
080 -Uniwersalna Klasyfikacja Dziesiętna [ , ]
    • 2
    • Identyfikator wydania tablic
    • UDC-P058
    • 9
    • UKD
    • 20252
    • a
    • Symbol klasyfikacji
    • 159.9-056.24
    • b
    • Dopowiedzenie
    • Psychologia ludzi chorych.
    • 4
    • UKD2
    • 7665
    • x
    • Poddział wspólny
    • (075.8)
    • c
    • Dopowiedzenie poddz. wspólnego
    • (Podręczniki dla szkół wyższych. Skrypty).
080 -Uniwersalna Klasyfikacja Dziesiętna [ , ]
    • 2
    • Identyfikator wydania tablic
    • UDC-P058
    • 9
    • UKD
    • 2420
    • a
    • Symbol klasyfikacji
    • 159.922.7/.8
    • b
    • Dopowiedzenie
    • Psychologia dzieci i młodzieży.
    • 4
    • UKD2
    • 7665
    • x
    • Poddział wspólny
    • (075.8)
    • c
    • Dopowiedzenie poddz. wspólnego
    • (Podręczniki dla szkół wyższych. Skrypty).
080 -Uniwersalna Klasyfikacja Dziesiętna [ , ]
    • 2
    • Identyfikator wydania tablic
    • UDC-P058
    • 9
    • UKD
    • 4674
    • a
    • Symbol klasyfikacji
    • 616-006
    • b
    • Dopowiedzenie
    • Nowotwory. Onkologia. Rak.
    • 4
    • UKD2
    • 7665
    • x
    • Poddział wspólny
    • (075.8)
    • c
    • Dopowiedzenie poddz. wspólnego
    • (Podręczniki dla szkół wyższych. Skrypty).
650 -Hasło przedmiotowe [ ,7]
    • a
    • Hasło przedmiotowe
    • Rak (choroba) u dzieci
    • x
    • Określnik rzeczowy
    • aspekt psychologiczny
    • v
    • Określnik formalny
    • podręczniki.
    • 2
    • Źródło terminu
    • kaba
    • 9
    • KHW
    • 391046
650 -Hasło przedmiotowe [ ,7]
    • a
    • Hasło przedmiotowe
    • Rak (choroba) u dzieci
    • x
    • Określnik rzeczowy
    • leczenie.
    • 2
    • Źródło terminu
    • kaba
    • 9
    • KHW
    • 391045
650 -Hasło przedmiotowe [ ,7]
    • a
    • Hasło przedmiotowe
    • Dzieci chore na raka
    • x
    • Określnik rzeczowy
    • rodzina.
    • 2
    • Źródło terminu
    • kaba
    • 9
    • KHW
    • 391044
650 -Hasło przedmiotowe [ ,7]
    • a
    • Hasło przedmiotowe
    • Nowotwory
    • x
    • Określnik rzeczowy
    • aspekt psychologiczny
    • v
    • Określnik formalny
    • podręczniki.
    • 2
    • Źródło terminu
    • kaba
    • 9
    • KHW
    • 391041
980 -Symbol UKD [ , ]
    • a
    • UKD
    • 616-006:159.922.7/.8:159.9-056.24](075.8)
700 -Hasło dodatkowe - nazwa osobowa [1, ]
    • a
    • Nazwa osobowa (NP)
    • Rogiewicz, Maria. Find
    • e
    • Określenie rodzaju współpracy
    • Red.
    • 9
    • KHW
    • 92598
710 -Hasło dodatkowe - nazwa ciała zbiorowego [2, ]
    • a
    • Nazwa ciała zbiorowego lub nazwa geograficzna jako pierwszy element (NP)
    • Wydawnictwo Medycyna Praktyczna.
    • 4
    • Kod relacji
    • pbl
    • 9
    • KHW
    • 92599
920 -ISBN [ , ]
    • a
    • ISBN
    • 978-83-7430-466-5 Find
Status udost. Numer inwentarzowy Data inwentaryzacji Lokalizacja
1Z.1217432016-04-20BG
-3WM.191632016-04-20BG
-3WM.191642016-04-20BG